00450nam a2200157Ia 4500100002300000650001200023942000700035654002000042245003300062260003500095082001100130300000800141546001200149999001700161952011400178 aScheffel/ R.L. ed  aGeneral cRB aNatural wonders aNatural wonders of the world bReading digestaHongkongc1980 a910.02 a463 aENGLISH c17856d17856 001040708AFTaCRCEbCRCEd2023-03-17eIBHg261.80l0o910.02 pAFT3192r2023-03-17v261.80w2023-03-17yRB